[Event "AUTO-ADV-2025"]
[Site "http://www.queenalice.com/game.php?id=880697"]
[Date "2011.1.3"]
[Round "1"]
[White "mentat59"]
[Black "Marcvs"]
[Result "1-0"]
[WhiteElo "1867"]
[BlackElo "1671"]

1. Nf3 d5 2. d4 Nc6 3. e3 e6 4. a3 Nf6 5. Bb5 Bd7 6. b3 a6 7. Be2 Bd6 8. Nbd2
Qe7 9. Bb2 O-O 10. c4 dxc4 11. bxc4 Qd8 12. c5 Be7 13. Nc4 Na7 14. Bd3 Bb5 15.
O-O Bc6 16. Nfe5 b5 17. Na5 Qd5 18. Naxc6 Nxc6 19. Nf3 Na5 20. Nd2 h5 21. Re1 g5
22. h3 g4 23. h4 Nd7 24. Be4 Qxe4 25. Nxe4 Bxh4 26. Nd2 f5 27. Qc2 Nf6 28. Rf1
Nd5 29. Bc3 Nc6 30. g3 Bg5 31. Bb2 h4 32. gxh4 Bxh4 33. Kg2 Rf7 34. Rh1 Rh7 35.
Rh2 Rf8 36. Rah1 1-0

[Event "AUTO-ADV-2025"]
[Site "http://www.queenalice.com/game.php?id=880698"]
[Date "2011.1.3"]
[Round "1"]
[White "Marcvs"]
[Black "mentat59"]
[Result "0-1"]
[WhiteElo "1703"]
[BlackElo "1902"]

1. e4 b6 2. d4 Bb7 3. Nc3 e6 4. Nf3 Nf6 5. Bd3 Be7 6. Be3 d6 7. Qe2 Qc8 8. O-O
Ba6 9. Bxa6 Nxa6 10. a3 Qb7 11. b4 c6 12. b5 Nc7 13. a4 O-O 14. Bg5 cxb5 15.
axb5 Rfc8 16. e5 Nfd5 17. Nxd5 Nxd5 18. Bxe7 Qxe7 19. h4 f6 20. exf6 Nxf6 21.
Ng5 d5 22. f3 Re8 23. Rae1 Qd6 24. Nxe6 h6 25. f4 Rac8 26. f5 Rc4 27. Qd3 Rec8
28. Rf4 Qd7 29. Rb1 Rc3 30. Qd1 Rxc2 31. Rf2 Rxf2 32. Kxf2 Ne4+ 33. Kg1 Nc3 34.
Qd3 Nxb1 35. Qxb1 Qe8 36. g4 Rc4 37. g5 Qc8 38. Kg2 Rc2+ 39. Kg3 Qc3+ 40. Kg4
Rc1 41. Qa2 Qd3 42. Qxd5 Qe2+ 43. Qf3 Rg1+ 44. Kf4 Rf1 45. Qxf1 Qxf1+ 46. Ke5
Qxb5+ 47. Ke4 h5 48. d5 a5 49. f6 Qc4+ 50. Ke5 gxf6+ 51. gxf6 Qxh4 52. Nd4 Kf7
0-1

[Event "AUTO-ADV-2025"]
[Site "http://www.queenalice.com/game.php?id=880699"]
[Date "2011.1.3"]
[Round "1"]
[White "mentat59"]
[Black "diego2907"]
[Result "1-0"]
[WhiteElo "1883"]
[BlackElo "1763"]

1. Nf3 d5 2. b3 Bf5 3. Bb2 f6 4. d3 e5 5. Nbd2 a6 6. e3 Nc6 7. e4 dxe4 8. dxe4
Be6 9. Bc4 Bb4 10. Bxe6 Bxd2+ 11. Nxd2 Qe7 12. Bh3 h5 13. Qe2 Nb4 14. Nc4 Rd8
15. Ba3 c5 16. Bxb4 cxb4 17. O-O Nh6 18. Rad1 Rxd1 19. Rxd1 O-O 20. Rd7 Qe8 21.
Nd6 Qb8 22. Nf5 Nxf5 23. Bxf5 b5 24. Qxh5 Re8 25. Qh7+ Kf8 26. Qxg7# 1-0

[Event "AUTO-ADV-2025"]
[Site "http://www.queenalice.com/game.php?id=880700"]
[Date "2011.1.3"]
[Round "1"]
[White "diego2907"]
[Black "mentat59"]
[Result "0-1"]
[WhiteElo "1463"]
[BlackElo "1900"]

1. e4 d6 2. Bc4 b6 3. Nf3 Bb7 4. a3 Bxe4 5. Bxf7+ Kxf7 6. Ng5+ Ke8 7. Nxe4 e5 8.
d3 Nf6 9. Bg5 Be7 10. h3 Nd5 11. Bxe7 Qxe7 12. Nbd2 Nd7 13. Nf3 Nf4 14. O-O h6
15. d4 d5 16. Nc3 e4 17. Re1 Nf6 18. Ne5 a6 19. Ng6 Nxg6 20. Ne2 Rc8 21. Ng3 Kf7
22. c3 Qd7 23. f3 Rhe8 24. fxe4 Nxe4 25. Nxe4 dxe4 26. Qh5 Qc6 27. Re3 Kg8 28.
Rae1 Kh7 29. Qf5 Rf8 30. Qg4 Rce8 31. b3 Rf4 32. Qg3 Ref8 33. c4 Nh4 34. d5 Qe8
35. a4 Qe5 36. R3e2 Nf5 37. Qh2 Nd4 38. Rxe4 Rf1+ 39. Rxf1 Rxf1+ 40. Kxf1 Qxh2
41. Rxd4 Qh1+ 42. Kf2 Qb1 43. Rg4 Qxb3 44. Kg1 Qxa4 45. c5 Qd1+ 46. Kh2 Qxd5 47.
g3 Qxc5 48. h4 a5 49. Kh3 Qg1 50. Rf4 a4 51. Rxa4 Qh1+ 52. Kg4 Qd1+ 53. Kh3 Qxa4
54. g4 b5 55. h5 Qc4 56. Kg3 b4 57. g5 b3 58. g6+ Kg8 59. Kf3 b2 60. Ke3 b1=Q
61. Kd2 Qbb3 62. Ke1 Qcc2 63. Kf1 Qbb1# 0-1

[Event "AUTO-ADV-2025"]
[Site "http://www.queenalice.com/game.php?id=940438"]
[Date "2011.5.20"]
[Round "2"]
[White "kraler"]
[Black "mentat59"]
[Result "1-0"]
[WhiteElo "2101"]
[BlackElo "1886"]

1. e4 d6 2. d4 Nf6 3. Nc3 Nc6 4. f4 e5 5. dxe5 dxe5 6. Qxd8+ Nxd8 7. fxe5 Ng8 8.
Nb5 Ne6 9. Bc4 Bd7 10. Be3 Bxb5 11. Bxb5+ c6 12. Be2 O-O-O 13. Nf3 Bc5 14. Kf2
h6 15. Rhd1 Ne7 16. c3 g5 17. b4 Bxe3+ 18. Kxe3 Nf4 19. Bf1 Neg6 20. g3 Ne6 21.
Bh3 Kc7 22. Bf5 Ne7 23. Bxe6 fxe6 24. Nd4 Kd7 25. c4 Ng6 26. Nf5+ Ke8 27. Rxd8+
Kxd8 28. Nd6 Kc7 29. Kd4 Rf8 30. a4 Rf2 31. Rh1 Nf8 32. h4 g4 33. h5 Ra2 34. Rh4
Nh7 35. Rxg4 Ng5 36. Nf7 Nxf7 37. Rg7 Rd2+ 38. Ke3 Rd7 39. Rg6 Re7 40. Kd4 Kd7
41. Rf6 b6 42. c5 Re8 43. Rxf7+ Re7 44. Rxe7+ Kxe7 45. cxb6 axb6 46. a5 bxa5 47.
bxa5 Kd7 48. Kc5 Kc7 49. a6 Kb8 50. Kxc6 Ka7 51. Kd6 Kxa6 52. Kxe6 1-0

[Event "AUTO-ADV-2025"]
[Site "http://www.queenalice.com/game.php?id=940439"]
[Date "2011.5.20"]
[Round "2"]
[White "mentat59"]
[Black "kraler"]
[Result "0-1"]
[WhiteElo "1933"]
[BlackElo "2066"]

1. Nf3 g6 2. e3 c5 3. c4 Bg7 4. d4 Nc6 5. d5 Ne5 6. Be2 Qb6 7. Qc2 e6 8. Nc3 Ne7
9. Nxe5 Bxe5 10. e4 exd5 11. exd5 Nf5 12. O-O O-O 13. Be3 Qd6 14. Ne4 Bxh2+ 15.
Kh1 Qe5 16. f4 Nxe3 17. fxe5 Nxc2 18. Rac1 Nd4 19. Nf6+ Kg7 20. Kxh2 Nxe2 21.
Rf2 Nxc1 22. d6 Nd3 23. Rd2 Nxe5 0-1

[Event "AUTO-ADV-2025"]
[Site "http://www.queenalice.com/game.php?id=940442"]
[Date "2011.5.20"]
[Round "2"]
[White "mentat59"]
[Black "Sinergia"]
[Result "0-1"]
[WhiteElo "1903"]
[BlackElo "1878"]

1. Nf3 Nf6 2. c4 e6 3. b3 Be7 4. Nc3 O-O 5. g3 d5 6. d4 c5 7. e3 a6 8. Bg2 Qa5
9. Bd2 Qc7 10. Qe2 h6 11. O-O Nbd7 12. cxd5 Nxd5 13. Rac1 Nxc3 14. Bxc3 Qb6 15.
Rc2 Nf6 16. dxc5 Bxc5 17. Bxf6 gxf6 18. Rd1 e5 19. Nh4 Be6 20. Be4 Rfd8 21. Rd3
Rxd3 22. Bxd3 Rd8 23. Nf5 Kf8 0-1

[Event "AUTO-ADV-2025"]
[Site "http://www.queenalice.com/game.php?id=940443"]
[Date "2011.5.20"]
[Round "2"]
[White "Sinergia"]
[Black "mentat59"]
[Result "1-0"]
[WhiteElo "1859"]
[BlackElo "1922"]

1. Nf3 d5 2. g3 Nf6 3. Bg2 c5 4. O-O Nc6 5. c3 b6 6. d3 e6 7. Bg5 Be7 8. Bxf6
Bxf6 9. Nbd2 O-O 10. e4 g6 11. Re1 Qc7 12. Rc1 Bb7 13. exd5 exd5 14. d4 c4 15.
Nb1 Rad8 16. Na3 a6 17. Nb1 Bg7 18. Na3 b5 19. Nc2 Ne7 20. Nb4 a5 21. Nc2 Bc6
22. Qe2 Rfe8 23. Qd2 Nf5 24. Rxe8+ Rxe8 25. Re1 Re6 26. Rxe6 fxe6 27. Ng5 Bh6
28. h4 1-0

[Event "Sinergia"]
[Site "http://www.queenalice.com/game.php?id=945048"]
[Date "2011.6.1"]
[Round "1"]
[White "mentat59"]
[Black "kraler"]
[Result "1-0"]
[WhiteElo "1910"]
[BlackElo "2089"]

1. d4 Nf6 2. g3 d5 3. Bg2 c6 4. Bg5 h6 5. Bxf6 exf6 6. e3 Be6 7. Nf3 Nd7 8. a3
Bd6 9. Nbd2 b5 10. b4 O-O 11. O-O Re8 12. Re1 a5 13. Nb3 axb4 14. axb4 Bxb4 15.
Qd3 Bxe1 16. Rxe1 Qa5 17. Nxa5 1-0

[Event "AUTO-ADV-2421"]
[Site "http://www.queenalice.com/game.php?id=1032185"]
[Date "2012.2.22"]
[Round "1"]
[White "brunocalixto"]
[Black "mentat59"]
[Result "0-1"]
[WhiteElo "1705"]
[BlackElo "1899"]

1. e4 d6 2. d4 g6 3. Nf3 h6 4. Nc3 Bg7 5. Bc4 a6 6. O-O e6 7. d5 e5 8. Be3 Ne7
9. h3 Nd7 10. a3 Nf6 11. b4 Bd7 12. Ne2 Nxe4 13. Qd3 Nf6 14. Ng3 Qc8 15. b5 axb5
16. Bxb5 Nexd5 17. Rfe1 O-O 18. a4 Bxb5 19. Qxb5 c6 20. Qd3 Re8 21. c4 e4 22.
Nxe4 Nxe4 23. cxd5 Bxa1 24. Rxa1 c5 25. Nd2 Nxd2 26. Qxd2 Qf5 27. Bxh6 Re5 28.
Qb2 g5 29. Qxb7 Rae8 30. Kf1 R5e7 31. Qc6 Qf6 32. Rc1 Qxh6 33. a5 g4 34. Qa4
Qxc1+ 0-1

[Event "AUTO-ADV-2421"]
[Site "http://www.queenalice.com/game.php?id=1032186"]
[Date "2012.2.22"]
[Round "1"]
[White "mentat59"]
[Black "brunocalixto"]
[Result "1-0"]
[WhiteElo "1879"]
[BlackElo "1697"]

1. Nf3 d5 2. c4 Nf6 3. cxd5 Nxd5 4. Nc3 Nc6 5. g3 e5 6. e4 Nxc3 7. bxc3 Be6 8.
Bb5 a6 9. Bxc6+ bxc6 10. Nxe5 Qd6 11. f4 f5 12. O-O Qc5+ 13. Kg2 fxe4 14. Qh5+
g6 15. Qe2 Bf5 16. g4 Be6 17. Bb2 O-O-O 18. Qxa6+ Kb8 19. Ba3 Rxd2+ 20. Kg3
Qxc3+ 21. Rf3 1-0

[Event "AUTO-ADV-2421"]
[Site "http://www.queenalice.com/game.php?id=1032201"]
[Date "2012.2.22"]
[Round "1"]
[White "omega3"]
[Black "mentat59"]
[Result "0-1"]
[WhiteElo "1890"]
[BlackElo "1908"]

1. e4 d6 2. d4 h6 3. Nf3 g6 4. Bc4 a6 5. O-O Bg7 6. Nc3 e6 7. Re1 Ne7 8. a4 Nd7
9. Be3 b6 10. Qd2 Bb7 11. b4 g5 12. Qd3 Ng6 13. Ne2 Ra7 14. Qb3 Bxe4 15. Bxe6
fxe6 16. Qxe6+ Qe7 17. Qb3 Nf6 18. Nd2 Bd5 19. c4 Be6 20. d5 Bf7 21. Nd4 Qd7 22.
Bxg5+ Kf8 23. Be3 Ra8 0-1

[Event "AUTO-ADV-2421"]
[Site "http://www.queenalice.com/game.php?id=1032202"]
[Date "2012.2.22"]
[Round "1"]
[White "mentat59"]
[Black "omega3"]
[Result "1-0"]
[WhiteElo "1891"]
[BlackElo "1907"]

1. Nf3 Nf6 2. c4 g6 3. b3 Bg7 4. Bb2 O-O 5. g3 d6 6. Bg2 e5 7. d3 c6 8. e4 Na6
9. a3 Nh5 10. Nbd2 f5 11. Qc2 Nf6 12. O-O Bd7 13. d4 fxe4 14. Nxe4 Nxe4 15. Qxe4
Bf5 16. Qe3 e4 17. Nd2 d5 18. Ra2 Qd7 19. c5 Rae8 20. Re1 Bh3 21. Bc3 Nc7 22. a4
Qf5 23. b4 Qh5 24. Qe2 Bg4 25. Qf1 e3 26. Kh1 1-0

[Event "AUTO-ADV-2421"]
[Site "http://www.queenalice.com/game.php?id=1032211"]
[Date "2012.2.22"]
[Round "1"]
[White "Gamingo"]
[Black "mentat59"]
[Result "1-0"]
[WhiteElo "1730"]
[BlackElo "1914"]

1. e4 d6 2. d4 h6 3. Nf3 e6 4. Bd3 g6 5. O-O Bg7 6. Be3 a6 7. Nc3 Ne7 8. Qd2 Nd7
9. Rfe1 b6 10. a3 Bb7 11. b4 b5 12. Ne2 Nb6 13. Nc3 Qd7 14. Bf4 g5 15. Bg3 Ng6
16. e5 Bxf3 17. gxf3 d5 18. Bxg6 fxg6 19. f4 gxf4 20. Bxf4 g5 21. Bg3 O-O-O 22.
Qd3 Qf7 23. a4 c6 24. axb5 axb5 25. Ra6 Kb7 26. Ra2 Ra8 27. Rea1 1-0

[Event "AUTO-ADV-2421"]
[Site "http://www.queenalice.com/game.php?id=1032212"]
[Date "2012.2.22"]
[Round "1"]
[White "mentat59"]
[Black "Gamingo"]
[Result "1-0"]
[WhiteElo "1888"]
[BlackElo "1765"]

1. Nf3 d5 2. c4 Nf6 3. cxd5 Nxd5 4. Nc3 Nf6 5. b3 g6 6. Bb2 Bg7 7. Qc2 O-O 8. g3
Nc6 9. Bg2 Bg4 10. d3 e5 11. e4 a6 12. O-O Re8 13. h3 Bxf3 14. Bxf3 Nd4 15. Qd1
Qd7 16. Bg2 c6 17. Re1 b5 18. Ne2 Rad8 19. Nxd4 exd4 20. Rc1 Qc7 21. Rc2 Re5 22.
f4 Rc5 23. Rxc5 Nd7 24. Rc2 c5 25. Qa1 Nf6 26. Rec1 Nd7 27. b4 1-0

[Event "VETERANO BRASIL"]
[Site "http://www.queenalice.com/game.php?id=1034787"]
[Date "2012.3.1"]
[Round "1"]
[White "Scaracioli"]
[Black "mentat59"]
[Result "0-1"]
[WhiteElo "1684"]
[BlackElo "1907"]

1. e4 d6 2. d4 g6 3. Nf3 h6 4. Nc3 e6 5. Bd3 Bg7 6. Be3 Ne7 7. Qe2 Nd7 8. h3 a6
9. g4 b6 10. g5 h5 11. h4 Bb7 12. b4 Nc6 13. a3 a5 14. b5 Ne7 15. a4 O-O 16. Nd1
Rc8 17. c4 c6 18. Nb2 d5 19. cxd5 cxb5 20. Bxb5 exd5 21. e5 Bc6 22. Rc1 Nb8 23.
O-O Qd7 24. Bf4 Bxb5 25. axb5 Qg4+ 26. Bg3 Nf5 27. Kg2 Nxh4+ 28. Kh1 Nxf3 29.
Kg2 Nh4+ 30. Kh2 Qxe2 31. Na4 Nf3+ 32. Kg2 Nxg5 33. Rce1 Qf3+ 34. Kh2 h4 35. Rg1
hxg3+ 36. fxg3 Qf2+ 37. Kh1 Nf3 0-1

[Event "VETERANO BRASIL"]
[Site "http://www.queenalice.com/game.php?id=1069469"]
[Date "2012.6.8"]
[Round "2"]
[White "mentat59"]
[Black "leoreis"]
[Result "1-0"]
[WhiteElo "1904"]
[BlackElo "1876"]

1. Nf3 Nf6 2. c4 e6 3. Nc3 Nc6 4. g3 Bc5 5. d3 O-O 6. Bg2 h6 7. a3 a6 8. b4 Ba7
9. Bb2 d6 10. Ra2 e5 11. O-O Be6 12. e4 Nd4 13. Nxd4 Bxd4 14. Ne2 c5 15. Bxd4
cxd4 16. Ra1 Qd7 17. f4 Qe7 18. Nc1 Ng4 19. Qd2 Ne3 20. Rf2 Nxg2 21. Kxg2 f5 22.
exf5 Bxf5 23. Ne2 Rae8 24. Ra2 Be6 25. Rc2 Qd7 26. Ng1 Qc6+ 27. Nf3 exf4 28.
gxf4 Bg4 29. Kg3 Bxf3 30. Rxf3 Rf6 31. Qc1 Rc8 32. Qb2 Qb6 33. Rff2 Re8 34. Rce2
Rfe6 35. Rxe6 Rxe6 36. Re2 Rxe2 37. Qxe2 Qd8 38. Qe4 Qb6 39. Qe6+ Kf8 40. c5 Qd8
41. Qxd6+ Qxd6 42. cxd6 Ke8 43. Kg4 Kd7 44. Kf5 Kxd6 45. Kg6 Ke6 46. h3 1-0

[Event "AUTO-ADV-2421"]
[Site "http://www.queenalice.com/game.php?id=1077516"]
[Date "2012.6.29"]
[Round "2"]
[White "mentat59"]
[Black "pawnforme"]
[Result "0-1"]
[WhiteElo "1916"]
[BlackElo "2007"]

1. Nf3 d5 2. c4 c6 3. e3 e6 4. b3 Nf6 5. Bb2 Nbd7 6. Nc3 Be7 7. Bd3 dxc4 8. bxc4
Nc5 9. Bc2 Nd3+ 10. Bxd3 Qxd3 11. Ne5 Qd8 12. Qc2 Qc7 13. f4 b6 14. Ne2 Bb7 15.
d3 O-O 16. O-O c5 17. Ng3 Rad8 18. Rad1 a6 19. a4 Ne8 20. Rf2 Bh4 21. Rfd2 Bxg3
22. hxg3 Nd6 0-1

[Event "AUTO-ADV-2421"]
[Site "http://www.queenalice.com/game.php?id=1077517"]
[Date "2012.6.29"]
[Round "2"]
[White "pawnforme"]
[Black "mentat59"]
[Result "1-0"]
[WhiteElo "1955"]
[BlackElo "1919"]

1. d4 g6 2. c3 Bg7 3. Nf3 d6 4. e4 e6 5. Nbd2 Ne7 6. Bd3 Nd7 7. Nb3 h6 8. Qc2 b6
9. Be3 Bb7 10. Qe2 a5 11. O-O Qc8 12. Rab1 Ba6 13. c4 Nc6 14. a3 Rb8 15. d5 Na7
16. dxe6 fxe6 17. Nbd4 Nc5 18. b4 Nxd3 19. Qxd3 e5 20. Nc2 O-O 21. bxa5 Qe6 22.
Nd2 Nc8 23. axb6 Nxb6 24. Bxb6 Rxb6 25. Rxb6 cxb6 26. Nb4 Bb7 27. Nd5 Rb8 28.
Rb1 Bxd5 29. cxd5 Qd7 30. Rb5 Bf6 31. a4 Bd8 32. Nc4 Bc7 33. h3 Qd8 34. Ne3 Ra8
35. Qc2 Ra5 36. Rxa5 bxa5 37. g3 Qd7 38. Kg2 Bb6 39. Nc4 1-0

[Event "Challenge"]
[Site "http://www.queenalice.com/game.php?id=1085713"]
[Date "2012.7.22"]
[Round "-"]
[White "HerbertPaulo"]
[Black "mentat59"]
[Result "1-0"]
[WhiteElo "1953"]
[BlackElo "1931"]

1. c4 g6 2. Nc3 Bg7 3. e4 e5 4. Nf3 a6 5. Be2 d6 6. O-O Ne7 7. Nd5 c5 8. d3 h6
9. Be3 Nxd5 10. Bd2 Ne7 11. Ne1 Be6 12. Bc3 Nd7 13. f4 1-0

[Event "VETERANO BRASIL"]
[Site "http://www.queenalice.com/game.php?id=1112444"]
[Date "2012.10.14"]
[Round "3"]
[White "FreitasPC"]
[Black "mentat59"]
[Result "1-0"]
[WhiteElo "1910"]
[BlackElo "1904"]

1. d4 g6 2. c4 Bg7 3. Nc3 e6 4. Nf3 h6 5. e3 d6 6. Bd3 a6 7. O-O Ne7 8. Qc2 b6
9. Rd1 Bb7 10. Nd2 Nd7 11. a3 1-0